00602nam a2200217Ia 450000500170000000800410001702000150005808200190007310000180009224500340011026000380014430000170018265000120019965000140021165000140022565000170023965000120025694200060026895200950027499900150036920250317022240.0240331s9999 xx 000 0 und d a0071137017 a301bTUR23448 aTurner, J. H  0aSociology:bConcepts and Uses aNew York,bMcGraw-Hill Inc.c1994 axvi, 266 p., aSociety aEthnicity aEconomics aEnvironment  aCulture cL 001040708LaWERCLbWERCLcSSCd2024-03-31l0o 301 TURp3448r2024-03-31w2024-03-31yL c1045d1045